000 01117nam0a22002531 4500
001 rc\3602059
005 20130115143108.9
035 _a(NLR Aleph) 007707900
090 _a6818312
_c6818312
100 _a20130115d1973 |||y0rusy50 ca
101 0 _arus
102 _aRU
105 _ay z |||||
200 1 _aСоциализм и товарно-денежные отношения
_e(Докл. на пленуме Науч. совета)
_fАН СССР. Отд-ние экономики. Науч. совет по проблеме "Экон. закономерности развития социализма и его перерастания в коммунизм"
210 _aМосква
_cБ. и.
_d1973
215 _a[2], 143 с.
_d20
300 _aПеред загл. авт.: А. Пашков, чл.-кор. АН СССР
333 _aДля служебного пользования. Экз. № 000005
700 1 _aПашков
_bА. С.
_gАлексей Степанович
801 0 _aRU
_bNLR
_gpsbo
801 1 _aRU
_bELAR
_2rusmarc
852 _aNLR
_j73-50к/5289
942 _cBOOK
980 _aNB